Herramientas para la protección de los Derecho Humanos. Sumarios de jurisprudencia : salud y derechos reproductivos /
Guardado en:
| Autor Corporativo: | |
|---|---|
| Otros Autores: | |
| Formato: | Desconocido |
| Idioma: | Spanish |
| Publicado: |
Buenos Aires :
CEJIL,
2012
|
| Materias: | |
| Etiquetas: |
Agregar Etiqueta
Sin Etiquetas, Sea el primero en etiquetar este registro!
|
| LEADER | 00571nac a22001455a 4500 | ||
|---|---|---|---|
| 001 | DER.der012303 | ||
| 008 | 180615s2012####ag#||||||||||||||#||spa|| | ||
| 005 | 20250604150458.0 | ||
| 245 | 1 | 0 | |a Herramientas para la protección de los Derecho Humanos. Sumarios de jurisprudencia : |b salud y derechos reproductivos / |c compilado por Liliana Tojo. |
| 260 | |a Buenos Aires : |b CEJIL, |c 2012 | ||
| 300 | |a 216 p. | ||
| 700 | 1 | |a Tojo, Liliana, |e comp. | |
| 710 | 1 | |a Centro por la justicia y el derecho internacional |9 CEJIL | |
| 650 | 7 | |a DERECHOS HUMANOS | |
| 859 | |a DERECHO |b BIB. DERECHO |h 346.017 |i CEN |p 007092 | ||
